000
00346cam a2200145ua 4500
041
_a
eng
_h
082
_a
823.308
_b
TRO/BA
100
_a
Trollope, Antheny .
245
_a
Barchesten Towers /
_c
Antheny Trollope.
_h
Textual Documents
260
_a
:
_b
Longmans ,
_c
1963.
300
_a
135 ; .
504
_a
942
_c
BK
999
_c
3465
_d
3465